[Event "HUN Team League Csongrad Region 2019–2"]
[Site "Csongrád County"]
[Date "2020.01.26"]
[Round "5.1"]
[White "Tubak, Daniel"]
[Black "Szabo, Zoltan"]
[Result "1-0"]
[WhiteElo "2231"]
[BlackElo "1790"]
[PlyCount "105"]
[EventDate "2019.09.29"]
[WhiteTeam "Maróczy III."]
[BlackTeam "Üllés"]

1. e4 e5 2. Nf3 Nc6 3. Bb5 a6 4. Ba4 Nf6 5. d4 exd4 6. O-O Be7 7. Re1 O-O 8. e5
Nd5 9. Nxd4 Nb6 10. Bb3 Nxd4 11. Qxd4 c5 12. Qe4 Qc7 13. Be3 d6 14. exd6 Bxd6
15. Qh4 Be6 16. Bxe6 fxe6 17. Nd2 Nd5 18. Ne4 Nxe3 19. Rxe3 Rf4 20. Qh3 Qe7 21.
Nxd6 Qxd6 22. Qxe6+ Qxe6 23. Rxe6 Rb4 24. b3 Rd8 25. Kf1 Rbd4 26. Rae1 Rd2 27.
R6e2 R2d6 28. Re8+ Rxe8 29. Rxe8+ Kf7 30. Re3 Rd2 31. Rc3 b6 32. a4 a5 33. Ke1
Rd4 34. Rd3 Rg4 35. g3 Ke6 36. Ke2 h5 37. h4 c4 38. Re3+ Kd6 39. Kd2 cxb3 40.
cxb3 Kc5 41. Re5+ Kb4 42. Rb5+ Ka3 43. Rxb6 Rd4+ 44. Ke2 Rb4 45. Ra6 Re4+ 46.
Kf3 Re5 47. Rb6 Rf5+ 48. Ke3 Re5+ 49. Kf4 Re2 50. f3 Rb2 51. Rb5 Rxb3 52. Rxa5
Rb4+ 53. Kg5 1-0

[Event "HUN Team League Csongrad Region 2019–2"]
[Site "Csongrád County"]
[Date "2020.01.26"]
[Round "5.1"]
[White "Papp, Zoltan"]
[Black "Papp, Balazs"]
[Result "0-1"]
[WhiteElo "1821"]
[BlackElo "2102"]
[PlyCount "70"]
[EventDate "2019.09.29"]
[WhiteTeam "Üllés"]
[BlackTeam "Maróczy III."]

1. d4 Nf6 2. f4 d5 3. Nf3 c5 4. e3 g6 5. c3 Bg7 6. Bd3 O-O 7. O-O Qc7 8. Nbd2
cxd4 9. cxd4 b6 10. Ne5 Ba6 11. Ndf3 e6 12. Qe2 Bxd3 13. Qxd3 Ne4 14. Nd2 f6
15. Ng4 Qb7 16. Nxe4 dxe4 17. Qb3 Qd7 18. Bd2 Nc6 19. Rac1 Rfc8 20. f5 gxf5 21.
Rxf5 Qf7 22. Rf2 f5 23. h3 Qd7 24. Nh2 Ne7 25. g4 Kh8 26. gxf5 Rxc1+ 27. Bxc1
exf5 28. Nf1 Ng6 29. Bd2 Rg8 30. Bc3 Nh4 31. Kh1 f4 32. Kh2 Nf3+ 33. Rxf3 exf3
34. exf4 Bf6 35. Ne3 Qg7 0-1

[Event "HUN Team League Csongrad Region 2019–2"]
[Site "Csongrád County"]
[Date "2020.01.26"]
[Round "5.1"]
[White "Molnar, Jeno"]
[Black "Bernath, Robert"]
[Result "0-1"]
[WhiteElo "1593"]
[BlackElo "2035"]
[PlyCount "110"]
[EventDate "2019.09.29"]
[WhiteTeam "Üllés"]
[BlackTeam "Maróczy III."]

1. e4 e5 2. Nc3 Nf6 3. Nf3 Nc6 4. Bc4 Nxe4 5. Bxf7+ Kxf7 6. Nxe4 d5 7. Nfg5+
Kg8 8. Qf3 Qd7 9. Nc3 Nd4 10. Qd1 Qf5 11. d3 h6 12. Nf3 Nxf3+ 13. Qxf3 Qxf3 14.
gxf3 c6 15. Bd2 Bd6 16. O-O-O Kh7 17. Ne2 Rf8 18. f4 exf4 19. f3 Bd7 20. Rde1
Rae8 21. Nc3 Rxe1+ 22. Rxe1 Re8 23. Rxe8 Bxe8 24. Kd1 g5 25. Ke2 Kg6 26. Kf2
Kf5 27. h3 Bf7 28. a3 c5 29. Nd1 h5 30. c3 g4 31. Kg2 g3 32. b4 b6 33. Bc1 Kg5
34. bxc5 bxc5 35. d4 c4 36. a4 Be6 37. Bb2 Bf5 38. Ba1 Kh4 39. Nb2 Bxh3+ 40.
Kg1 Bd7 41. Kg2 Kg5 42. a5 Bc7 43. Nd1 Bxa5 44. Bb2 Ba4 45. Nf2 gxf2 46. Kxf2
Bd1 47. Kg2 Bc7 48. Ba3 Kf5 49. Be7 Ba5 50. Bc5 Bxc3 51. Bxa7 Bd2 52. Bc5 c3
53. Bb4 h4 54. Ba5 Be1 55. Kf1 c2 0-1

[Event "HUN Team League Csongrad Region 2019–2"]
[Site "Csongrád County"]
[Date "2020.01.26"]
[Round "5.1"]
[White "Linczer, Janos"]
[Black "Heintz, Sebestyen"]
[Result "1-0"]
[WhiteElo "2053"]
[BlackElo "1655"]
[PlyCount "47"]
[EventDate "2019.09.29"]
[WhiteTeam "Maróczy III."]
[BlackTeam "Üllés"]

1. e4 e5 2. Nf3 Nc6 3. Bb5 d6 4. O-O Bd7 5. Re1 Be7 6. d4 exd4 7. Nxd4 Nxd4 8.
Bxd7+ Qxd7 9. Qxd4 Bf6 10. Qd3 Ne7 11. Nc3 O-O 12. e5 Bxe5 13. Rxe5 Ng6 14. Re1
Ne5 15. Rxe5 Qc6 16. Rh5 g6 17. Rh6 Rfe8 18. Bf4 Re6 19. Qh3 Rae8 20. Be3 Qb6
21. Rxh7 Rxe3 22. Rh8+ Kg7 23. Qh6+ Kf6 24. Nd5+ 1-0

[Event "HUN Team League Csongrad Region 2019–2"]
[Site "Csongrád County"]
[Date "2020.01.26"]
[Round "5.1"]
[White "Balogh, Mihaly"]
[Black "Kocsmar, Akos"]
[Result "0-1"]
[WhiteElo "1469"]
[BlackElo "1941"]
[PlyCount "92"]
[EventDate "2019.09.29"]
[WhiteTeam "Üllés"]
[BlackTeam "Maróczy III."]

1. e4 c5 2. Nc3 d6 3. Bb5+ Bd7 4. Qe2 Nf6 5. Bxd7+ Nbxd7 6. Nf3 Qc7 7. d3 g6 8.
Nd5 Qd8 9. O-O Bg7 10. c3 O-O 11. Bg5 h6 12. Nxf6+ Nxf6 13. Bxf6 Bxf6 14. Rfe1
e6 15. Rad1 Qa5 16. a3 b5 17. d4 cxd4 18. Nxd4 a6 19. Nf3 Qc7 20. e5 dxe5 21.
Nxe5 Rfd8 22. Ng4 Bg7 23. Rd3 Rxd3 24. Qxd3 Rd8 25. Qc2 a5 26. g3 Rc8 27. Rc1
h5 28. Ne3 h4 29. Ng4 f5 30. Ne3 Bh6 31. Re1 Kf7 32. Qe2 Qc6 33. Nc2 Bg7 34.
Nd4 Bxd4 35. cxd4 Rh8 36. gxh4 Rxh4 37. f3 Rxd4 38. Qe5 Rd2 39. Re2 Rd3 40. Re3
Qb6 41. Kf2 Qxe3+ 42. Qxe3 Rxe3 43. Kxe3 e5 44. h4 Ke6 45. Kd3 Kd5 46. b3 f4
0-1

[Event "HUN Team League Csongrad Region 2019–2"]
[Site "Csongrád County"]
[Date "2020.01.26"]
[Round "5.1"]
[White "Vadkerti, Vince"]
[Black "Gabor, Geza"]
[Result "1-0"]
[WhiteElo "1460"]
[BlackElo "1597"]
[PlyCount "91"]
[EventDate "2019.09.29"]
[WhiteTeam "Maróczy III."]
[BlackTeam "Üllés"]

1. e4 e5 2. Nc3 Nf6 3. Bc4 Nc6 4. d3 Be7 5. f4 d6 6. Nf3 a6 7. a3 Bg4 8. h3
Bxf3 9. Qxf3 Nd4 10. Qf2 Nh5 11. h4 O-O 12. Be3 c5 13. O-O-O Nf6 14. Bxd4 cxd4
15. Nd5 Nxd5 16. Bxd5 Qc7 17. f5 Rac8 18. g4 Kh8 19. Bb3 b5 20. Qd2 Qd8 21. g5
a5 22. Rdf1 f6 23. Rfg1 Rc7 24. Qe2 a4 25. Be6 d5 26. Bxd5 Bd6 27. Qg2 Qe7 28.
gxf6 Qxf6 29. Qg5 Qe7 30. Qxe7 Bxe7 31. h5 h6 32. Be6 b4 33. axb4 Bxb4 34. Rg6
a3 35. bxa3 Bxa3+ 36. Kd1 Bb4 37. Bb3 Ra8 38. Ke2 Be7 39. Re6 Bf6 40. Rg1 Kh7
41. Rb1 Rac8 42. Bc4 Rc6 43. Rxc6 Rxc6 44. Rb8 Rc7 45. Bg8+ Kh8 46. Bf7+ 1-0

[Event "HUN Team League Csongrad Region 2019–2"]
[Site "Csongrád County"]
[Date "2020.01.26"]
[Round "5.2"]
[White "Balogh, Ferenc"]
[Black "Csuri, Laszlo"]
[Result "1/2-1/2"]
[WhiteElo "1924"]
[BlackElo "1986"]
[PlyCount "94"]
[EventDate "2019.09.29"]
[WhiteTeam "Maróczy V."]
[BlackTeam "Röszke"]

1. e4 e5 2. Nf3 Nc6 3. Bb5 a6 4. Bxc6 dxc6 5. d4 exd4 6. Qxd4 Qxd4 7. Nxd4 c5
8. Ne2 Be6 9. Bf4 O-O-O 10. Nd2 Ne7 11. Nc3 Nc6 12. O-O-O Be7 13. a3 b5 14. h3
Rd7 15. Nf3 Rhd8 16. Rxd7 Rxd7 17. Rd1 Rxd1+ 18. Kxd1 Nd4 19. Ng5 b4 20. Nb1
Ba2 21. Nd2 h6 22. Ngf3 Nxf3 23. Nxf3 Be6 24. Bc1 a5 25. Ne5 Kb7 26. f4 f6 27.
Ng6 Bd8 28. f5 Bd7 29. Ke2 Kc6 30. Kd3 Be8 31. Nf4 Bf7 32. c4 bxc3 33. Kxc3 Be7
34. Be3 Bd6 35. Ne2 Be5+ 36. Kc2 a4 37. Bf4 Bb3+ 38. Kc1 Bc4 39. Bxe5 fxe5 40.
Nc3 Kd6 41. Nxa4 Bf1 42. h4 Bxg2 43. Nc3 c4 44. Kd2 Kc5 45. Ke3 c6 46. Na2 Bf1
47. Nc1 h5 1/2-1/2

[Event "HUN Team League Csongrad Region 2019–2"]
[Site "Csongrád County"]
[Date "2020.01.26"]
[Round "5.2"]
[White "Bartos, Ferenc"]
[Black "Puskas, Mihaly"]
[Result "1-0"]
[WhiteElo "1715"]
[BlackElo "1416"]
[PlyCount "65"]
[EventDate "2019.09.29"]
[WhiteTeam "Röszke"]
[BlackTeam "Maróczy V."]

1. e4 e5 2. Nf3 Nc6 3. Bb5 a6 4. Bxc6 dxc6 5. O-O Bd6 6. d4 exd4 7. Qxd4 f6 8.
Re1 c5 9. Qc3 Bg4 10. e5 Be7 11. exf6 Nxf6 12. Ne5 Qd4 13. Nxg4 Qxc3 14. Nxc3
Nxg4 15. Nd5 O-O-O 16. Nxe7+ Kb8 17. Bg5 Nf6 18. Nf5 Rd7 19. Bxf6 gxf6 20. Kf1
Rd2 21. Ne3 f5 22. Rad1 Rhd8 23. Rxd2 Rxd2 24. Re2 Rd8 25. Ke1 f4 26. Nc4 b5
27. Nd2 Rd7 28. g3 fxg3 29. hxg3 Kb7 30. Ne4 Kb6 31. Nf6 Rf7 32. Re6+ c6 33.
Nd5+ 1-0

[Event "HUN Team League Csongrad Region 2019–2"]
[Site "Csongrád County"]
[Date "2020.01.26"]
[Round "5.2"]
[White "Szamko, Hanna"]
[Black "Ver, Imre"]
[Result "0-1"]
[WhiteElo "1426"]
[BlackElo "1699"]
[PlyCount "96"]
[EventDate "2019.09.29"]
[WhiteTeam "Maróczy V."]
[BlackTeam "Röszke"]

1. e4 e6 2. d4 d5 3. exd5 exd5 4. Bd3 Bd6 5. Nf3 Nf6 6. O-O O-O 7. Re1 Bg4 8.
h3 Bd7 9. c3 h6 10. Ne5 Be6 11. Qb3 Qc8 12. Bf4 c6 13. Bh2 Rd8 14. Qc2 c5 15.
Nf3 c4 16. Bf1 Nc6 17. Ne5 b5 18. a4 b4 19. Nd2 Na5 20. f4 Bf5 21. Qd1 Ne4 22.
Nef3 bxc3 23. bxc3 Nxc3 24. Qc1 Ne4 25. g4 Bh7 26. f5 Bxh2+ 27. Kxh2 Nxd2 28.
Nxd2 Qc7+ 29. Kg2 Rab8 30. Rb1 h5 31. Be2 h4 32. Nf1 Re8 33. Bf3 Nb3 34. Qg5
Qd6 35. Qxh4 Nxd4 36. Rxb8 Rxb8 37. Qf2 Nc6 38. Ne3 Nb4 39. Rd1 Nd3 40. Qf1
Rb2+ 41. Be2 Nf4+ 42. Kf3 Nxe2 43. Qxe2 Rxe2 44. Kxe2 d4 45. Nxc4 Qd5 46. Nd2
Qe5+ 47. Kf1 Qf4+ 48. Kg2 Qe3 0-1

[Event "HUN Team League Csongrad Region 2019–2"]
[Site "Csongrád County"]
[Date "2020.01.26"]
[Round "5.2"]
[White "Sipos, Kalman"]
[Black "Szamko, Balint"]
[Result "1-0"]
[WhiteElo "1667"]
[BlackElo "1095"]
[PlyCount "103"]
[EventDate "2019.09.29"]
[WhiteTeam "Röszke"]
[BlackTeam "Maróczy V."]

1. e4 e5 2. Nf3 Nc6 3. Bb5 a6 4. Ba4 Nf6 5. O-O d6 6. Re1 b5 7. Bb3 d5 8. exd5
Nxd5 9. Nxe5 Nxe5 10. Rxe5+ Be6 11. Bxd5 Qd6 12. Rxe6+ fxe6 13. Bxa8 c6 14. Qf3
Kd7 15. Nc3 Be7 16. Ne4 Qc7 17. Qd3+ Bd6 18. Nxd6 Qxd6 19. Qxd6+ Kxd6 20. Bb7
Kc7 21. Bxa6 Ra8 22. Bxb5 cxb5 23. d3 e5 24. Bd2 Kd6 25. a3 Rc8 26. Bc3 Kd7 27.
Re1 b4 28. axb4 Ra8 29. Bxe5 Re8 30. f4 Kc6 31. c4 g6 32. Kf2 h6 33. Ra1 g5 34.
Ra6+ Kb7 35. Rxh6 gxf4 36. Bxf4 Rf8 37. g3 Rf7 38. h4 Kc8 39. h5 Kd7 40. Ra6
Ke8 41. h6 Kf8 42. Kg2 Kg8 43. Be5 Kh7 44. g4 Re7 45. d4 Rb7 46. b5 Re7 47. Kg3
Re8 48. g5 Rg8 49. Kg4 Rc8 50. Ra7+ Kg8 51. h7+ Kf8 52. h8=Q# 1-0

[Event "HUN Team League Csongrad Region 2019–2"]
[Site "Csongrád County"]
[Date "2020.01.26"]
[Round "5.2"]
[White "Korosi, Zsombor"]
[Black "Abraham, Lajos"]
[Result "0-1"]
[WhiteElo "1248"]
[BlackElo "1622"]
[PlyCount "116"]
[EventDate "2019.09.29"]
[WhiteTeam "Maróczy V."]
[BlackTeam "Röszke"]

1. e4 e5 2. Nf3 Nc6 3. Bc4 d6 4. h3 h6 5. Nc3 Nf6 6. d3 Na5 7. Bb5+ c6 8. Ba4
b5 9. Bb3 Qc7 10. Be3 Nxb3 11. axb3 a6 12. O-O Bb7 13. Ne2 g6 14. Ng3 Bg7 15.
Qd2 d5 16. Bc5 Nd7 17. b4 Nxc5 18. bxc5 O-O 19. Rfe1 Rfd8 20. b4 Kh7 21. Nh2 h5
22. Nf3 f6 23. Nh4 Bh6 24. Qe2 Bg5 25. Nxg6 Kxg6 26. Qxh5+ Kg7 27. Nf5+ Kg8 28.
Qg6+ Kh8 29. Nd6 Rxd6 30. cxd6 Qh7 31. Qxh7+ Kxh7 32. Re2 Rd8 33. Kh2 Rxd6 34.
Kg3 Rd8 35. Rh1 Bf4+ 36. Kf3 Kg6 37. g3 Bh6 38. h4 Bc8 39. Kg2 d4 40. f3 Bf8
41. Ra1 Bxb4 42. Rb1 Bc3 43. g4 a5 44. Rf2 a4 45. Rff1 a3 46. Kg3 a2 47. Ra1
Bxa1 48. Rxa1 Be6 49. f4 exf4+ 50. Kxf4 Rh8 51. h5+ Kf7 52. e5 Rg8 53. exf6
Kxf6 54. h6 Rxg4+ 55. Kf3 Rh4 56. Rf1 Ke7 57. h7 Rxh7 58. Ke4 Bd5+ 0-1

[Event "HUN Team League Csongrad Region 2019–2"]
[Site "Csongrád County"]
[Date "2020.01.26"]
[Round "5.3"]
[White "Megyaszai, Balazs"]
[Black "Csikos, Mihaly"]
[Result "0-1"]
[WhiteElo "1904"]
[BlackElo "2031"]
[PlyCount "66"]
[EventDate "2019.09.29"]
[WhiteTeam "Maróczy IV."]
[BlackTeam "Meritum II."]

1. e4 e5 2. Nf3 Nf6 3. Nxe5 d6 4. Nf3 Nxe4 5. d4 d5 6. Bd3 Bd6 7. h3 O-O 8. O-O
h6 9. Nbd2 Nxd2 10. Bxd2 Be6 11. c3 Nd7 12. Re1 Qf6 13. Be3 g5 14. Nh2 Qg7 15.
Qd2 Rae8 16. Nf1 f5 17. f4 g4 18. hxg4 Qxg4 19. Nh2 Qg7 20. Nf3 Nf6 21. Ne5 Ne4
22. Bxe4 fxe4 23. Rf1 Rf5 24. Qe2 Bf7 25. Rac1 Bh5 26. Qe1 Kh7 27. Qh4 Be2 28.
Rfe1 Rh5 29. Qf2 Bb5 30. g3 Bxe5 31. dxe5 Qg4 32. Qg2 Rg8 33. Kf2 Rh3 0-1

[Event "HUN Team League Csongrad Region 2019–2"]
[Site "Csongrád County"]
[Date "2020.01.26"]
[Round "5.3"]
[White "Farkas, Sandor"]
[Black "Tenk, Zoltan"]
[Result "0-1"]
[WhiteElo "1898"]
[BlackElo "1868"]
[PlyCount "72"]
[EventDate "2019.09.29"]
[WhiteTeam "Meritum II."]
[BlackTeam "Maróczy IV."]

1. d4 d5 2. e3 Nf6 3. Bd3 e6 4. Nf3 c5 5. b3 Nc6 6. O-O Be7 7. Bb2 b6 8. Nbd2
O-O 9. a3 Bb7 10. Ne5 Nxe5 11. dxe5 Ne4 12. Bxe4 dxe4 13. Qe2 f5 14. f4 Qc7 15.
g4 Rad8 16. Rad1 Rd5 17. gxf5 exf5 18. Qh5 g6 19. Qh6 Rfd8 20. Rf2 Bf8 21. Qh3
Bg7 22. Bc3 b5 23. Rc1 a5 24. Nf1 b4 25. Bb2 c4 26. axb4 c3 27. Ba3 Bf8 28. Ra1
axb4 29. Bc1 Rd1 30. Kg2 Ra8 31. Rxa8 Bxa8 32. Ng3 Rxc1 33. Nxf5 gxf5 34. Qxf5
Qg7+ 35. Kh3 Qh6+ 36. Kg2 Qg6+ 0-1

[Event "HUN Team League Csongrad Region 2019–2"]
[Site "Csongrád County"]
[Date "2020.01.26"]
[Round "5.3"]
[White "Arato, Daniel"]
[Black "Fridrik, Richard"]
[Result "1/2-1/2"]
[WhiteElo "1706"]
[BlackElo "1820"]
[PlyCount "55"]
[EventDate "2019.09.29"]
[WhiteTeam "Maróczy IV."]
[BlackTeam "Meritum II."]

1. Nf3 Nf6 2. c4 c6 3. d4 d5 4. Nc3 e6 5. e3 Nbd7 6. Bd3 dxc4 7. Bxc4 b5 8. Bd3
a6 9. O-O c5 10. b3 cxd4 11. Nxd4 Bb7 12. Bb2 Rc8 13. Rc1 e5 14. Nf5 g6 15. Ng3
Bg7 16. Nce4 Nxe4 17. Rxc8 Qxc8 18. Nxe4 Bxe4 19. Bxe4 O-O 20. Qf3 Qb8 21. Rc1
Rc8 22. Rxc8+ Qxc8 23. g3 Nc5 24. Bd5 Qd7 25. Ba3 Bf8 26. Bxc5 Bxc5 27. e4 Kg7
28. Qc3 1/2-1/2

[Event "HUN Team League Csongrad Region 2019–2"]
[Site "Csongrád County"]
[Date "2020.01.26"]
[Round "5.3"]
[White "Fabian, Istvan"]
[Black "Gyemant, Karoly"]
[Result "1-0"]
[WhiteElo "1731"]
[BlackElo "1606"]
[PlyCount "75"]
[EventDate "2019.09.29"]
[WhiteTeam "Meritum II."]
[BlackTeam "Maróczy IV."]

1. e4 e6 2. d4 d5 3. exd5 exd5 4. Bd3 f5 5. Ne2 g6 6. O-O Nf6 7. c4 c6 8. Qe1
Kf7 9. Nd2 h5 10. Nf3 Bh6 11. Bxh6 Rxh6 12. Qd2 Rh8 13. Ne5+ Kg7 14. Qg5 Qe8
15. Nf4 Rh6 16. f3 Nh7 17. Qg3 h4 18. Qf2 g5 19. Nh3 Nd7 20. Bxf5 Ndf6 21. Bxh7
Nxh7 22. Rae1 Be6 23. Ng4 Rg6 24. c5 Qc8 25. Re5 Qd7 26. Rfe1 Re8 27. Qe3 Bxg4
28. Rxe8 Kh6 29. fxg4 Qxg4 30. Rf1 b6 31. b4 bxc5 32. bxc5 Nf6 33. Re6 Ne4 34.
Rxg6+ Kxg6 35. Nf2 Qf4 36. Qxf4 gxf4 37. Nxe4 dxe4 38. Rxf4 1-0

[Event "HUN Team League Csongrad Region 2019–2"]
[Site "Csongrád County"]
[Date "2020.01.26"]
[Round "5.3"]
[White "Kis, Izabella"]
[Black "Havasi, Gergely Bulcsu"]
[Result "1-0"]
[WhiteElo "1482"]
[BlackElo "1454"]
[PlyCount "77"]
[EventDate "2019.09.29"]
[WhiteTeam "Maróczy IV."]
[BlackTeam "Meritum II."]

1. e4 d6 2. d4 Nf6 3. Nc3 g6 4. Nf3 Bg7 5. Bc4 O-O 6. O-O Nbd7 7. Bg5 h6 8. Bf4
c5 9. d5 g5 10. Be3 g4 11. Nh4 Ne5 12. Be2 a6 13. a4 Ng6 14. Nxg6 fxg6 15. f4
h5 16. e5 Ne8 17. e6 Qa5 18. Qd3 Rf5 19. Bd2 Qc7 20. Qc4 Bd4+ 21. Kh1 Kg7 22.
Bd3 Rf8 23. Ne2 Bxb2 24. Qe4 Rf6 25. Rab1 Bd4 26. c4 Rf5 27. Nxd4 cxd4 28.
Qxd4+ Rf6 29. f5 Qd8 30. Bg5 Rb8 31. Bxf6+ Nxf6 32. fxg6 Qa5 33. Qb6 Qd2 34.
Qa7 Qxd3 35. Qxb8 g3 36. Qxc8 Kxg6 37. h3 Qe4 38. Qf8 Qxc4 39. Qxe7 1-0

[Event "HUN Team League Csongrad Region 2019–2"]
[Site "Csongrád County"]
[Date "2020.01.26"]
[Round "5.3"]
[White "Kohari, Akos Istvan"]
[Black "Veres, Sandor"]
[Result "0-1"]
[WhiteElo "1353"]
[BlackElo "1482"]
[PlyCount "85"]
[EventDate "2019.09.29"]
[WhiteTeam "Meritum II."]
[BlackTeam "Maróczy IV."]

1. d4 d5 2. Bf4 Nf6 3. Nf3 e6 4. e3 Bd6 5. Bg3 Bxg3 6. hxg3 Nbd7 7. Nbd2 c5 8.
c4 a6 9. cxd5 exd5 10. dxc5 Nxc5 11. Nd4 Nfe4 12. Nxe4 Nxe4 13. a3 Bd7 14. Qh5
Qf6 15. Nf3 Qxb2 16. Qe5+ Qxe5 17. Nxe5 Be6 18. Rc1 O-O 19. Bd3 Rac8 20. O-O f6
21. Nf3 Nc5 22. Bc2 Rc7 23. Nd4 Bd7 24. Bf5 Rfc8 25. Rxc5 Bxf5 26. Rxc7 Rxc7
27. Nxf5 Rc3 28. Ne7+ Kf7 29. Nxd5 Rxa3 30. Rc1 Ke6 31. Nf4+ Kd6 32. Nh5 b5 33.
Nxg7 b4 34. Nf5+ Kd5 35. Rd1+ Kc4 36. Rc1+ Rc3 37. Nd6+ Kd3 38. Rb1 b3 39. Rd1+
Kc2 40. Ne4 Rd3 41. Re1 Rd1 42. Rxd1 Kxd1 43. Nc3+ 0-1

[Event "HUN Team League Csongrad Region 2019–2"]
[Site "Csongrád County"]
[Date "2020.01.26"]
[Round "5.3"]
[White "Koszo, Ferenc"]
[Black "Helenyi, Zoltan"]
[Result "0-1"]
[WhiteElo "1373"]
[BlackElo "1991"]
[PlyCount "66"]
[EventDate "2019.09.29"]
[WhiteTeam "Maróczy IV."]
[BlackTeam "Meritum II."]

1. d4 d5 2. c4 c6 3. cxd5 cxd5 4. Nf3 Nc6 5. a3 Nf6 6. Nc3 a6 7. Bf4 b5 8. g3
Bf5 9. Bg2 e6 10. Ne5 Na5 11. O-O Bd6 12. Bg5 h6 13. Bd2 O-O 14. Rc1 Bxe5 15.
dxe5 Nd7 16. f4 Qb6+ 17. Kh1 Nc4 18. e4 Nxb2 19. Qc2 Bxe4 20. Nxe4 Nc4 21. Nd6
Nxa3 22. Qd3 Nc4 23. Nxc4 bxc4 24. Qa3 Rfb8 25. Qa4 Nc5 26. Qa2 Nd3 27. Rb1
Nf2+ 28. Rxf2 Qxf2 29. Rf1 Qe2 30. Re1 Qd3 31. Ba5 Rb3 32. Qa1 Ra3 33. Bf1 Rxa1
0-1

[Event "HUN Team League Csongrad Region 2019–2"]
[Site "Csongrád County"]
[Date "2020.01.26"]
[Round "5.4"]
[White "Udvardi, Zalan"]
[Black "Varga, Gabor"]
[Result "1-0"]
[WhiteElo "2210"]
[BlackElo "1853"]
[PlyCount "35"]
[EventDate "2019.09.29"]
[WhiteTeam "Szentes II."]
[BlackTeam "Meritum III."]

1. e4 c5 2. Nc3 e6 3. Nge2 Nc6 4. g3 Nf6 5. Bg2 d5 6. exd5 exd5 7. d4 c4 8. Bg5
Be6 9. Nf4 Bb4 10. O-O Bxc3 11. bxc3 Qd7 12. Bxf6 gxf6 13. Nh5 Ke7 14. Qf3 f5
15. Rfe1 Kd8 16. Nf6 Qd6 17. Nxd5 Bd7 18. Ne3 1-0

[Event "HUN Team League Csongrad Region 2019–2"]
[Site "Csongrád County"]
[Date "2020.01.26"]
[Round "5.4"]
[White "Kurucz, Gergely"]
[Black "Borsi, Imre"]
[Result "1-0"]
[WhiteElo "1611"]
[BlackElo "1994"]
[PlyCount "37"]
[EventDate "2019.09.29"]
[WhiteTeam "Meritum III."]
[BlackTeam "Szentes II."]

1. e4 c5 2. g3 Nc6 3. Bg2 g6 4. c3 Bg7 5. d3 d6 6. Ne2 e5 7. O-O Nge7 8. f4 O-O
9. Na3 d5 10. exd5 Nxd5 11. Nc4 Re8 12. fxe5 Nxe5 13. Nxe5 Rxe5 14. d4 cxd4 15.
Nxd4 Qe7 16. Qb3 Ne3 17. Bxe3 Rxe3 18. Rxf7 Bxd4 19. Rxe7+ 1-0

[Event "HUN Team League Csongrad Region 2019–2"]
[Site "Csongrád County"]
[Date "2020.01.26"]
[Round "5.4"]
[White "Hajdu, Istvan"]
[Black "Filep, Miklos Sr."]
[Result "1-0"]
[WhiteElo "1863"]
[BlackElo "1540"]
[PlyCount "58"]
[EventDate "2019.09.29"]
[WhiteTeam "Szentes II."]
[BlackTeam "Meritum III."]

1. e4 c5 2. Nf3 e6 3. c4 Nc6 4. d4 cxd4 5. Nxd4 Nf6 6. Nc3 Bb4 7. Qd3 O-O 8.
Bg5 Bxc3+ 9. bxc3 h6 10. Bh4 a6 11. Be2 Ne5 12. Qc2 d6 13. f4 Ng6 14. Bg3 Nh5
15. Bxh5 Qc7 16. Be2 e5 17. fxe5 dxe5 18. Nf3 Be6 19. Nd2 Rac8 20. O-O f6 21.
Rab1 Ne7 22. Qb2 b5 23. cxb5 axb5 24. Bxb5 Qxc3 25. Qxc3 Rxc3 26. a4 Rd8 27.
Nf3 Ra8 28. Bf2 Nc8 29. Rfd1 Na7 1-0

[Event "HUN Team League Csongrad Region 2019–2"]
[Site "Csongrád County"]
[Date "2020.01.26"]
[Round "5.4"]
[White "Kantor, Robert"]
[Black "Lovaszi, Szabolcs"]
[Result "0-1"]
[WhiteElo "1474"]
[BlackElo "1706"]
[PlyCount "76"]
[EventDate "2019.09.29"]
[WhiteTeam "Meritum III."]
[BlackTeam "Szentes II."]

1. e4 g6 2. d4 Bg7 3. Nf3 d6 4. Nc3 Nc6 5. Be3 e5 6. Bb5 Bd7 7. Bxc6 Bxc6 8. d5
Bd7 9. O-O f5 10. Bg5 Nf6 11. Nh4 f4 12. Re1 Kf7 13. Nf3 h6 14. Bxf6 Qxf6 15.
h3 g5 16. g4 h5 17. Nh2 hxg4 18. Nxg4 Bxg4 19. Qxg4 Rh4 20. Qd7+ Qe7 21. Qf5+
Bf6 22. Kg2 Rah8 23. Rh1 f3+ 24. Qxf3 Rf4 25. Qe3 Qd7 26. Ne2 Rfh4 27. c4 g4
28. Ng1 Kg6 29. Qg3 Bg5 30. f3 Bf4 31. Qf2 gxh3+ 32. Kf1 h2 33. Ne2 Qf7 34.
Qg2+ Bg5 35. Ng3 Qf4 36. Rd1 Rh3 37. Ne2 Rxf3+ 38. Ke1 Qh4+ 0-1

[Event "HUN Team League Csongrad Region 2019–2"]
[Site "Csongrád County"]
[Date "2020.01.26"]
[Round "5.4"]
[White "Balatoni, Gyorgy"]
[Black "Tamas, Attila"]
[Result "1-0"]
[WhiteElo "1695"]
[BlackElo "1315"]
[PlyCount "77"]
[EventDate "2019.09.29"]
[WhiteTeam "Szentes II."]
[BlackTeam "Meritum III."]

1. c4 Nf6 2. Nc3 e5 3. Nf3 Nc6 4. g3 d6 5. Bg2 Be7 6. O-O Bf5 7. d3 h6 8. a3
Qd7 9. b4 Bh3 10. Bb2 a6 11. Qc2 h5 12. Nd5 Bxg2 13. Kxg2 O-O-O 14. b5 Nb8 15.
a4 a5 16. e4 Nxd5 17. cxd5 b6 18. d4 f6 19. Rac1 Kb7 20. Nh4 Rc8 21. Qe2 Qe8
22. Rc2 Nd7 23. Rfc1 Nf8 24. Rc6 Bd8 25. Ba3 Be7 26. Qc2 Qd7 27. Nf5 g6 28.
Nxe7 Qxe7 29. Bxd6 Qd8 30. Rxc7+ Rxc7 31. Qxc7+ Qxc7 32. Rxc7+ Ka8 33. Rc8+ Kb7
34. Rxf8 Rxf8 35. Bxf8 exd4 36. Kf3 Kc7 37. Ke2 Kd7 38. Kd3 Ke8 39. Ba3 1-0

[Event "HUN Team League Csongrad Region 2019–2"]
[Site "Csongrád County"]
[Date "2020.01.26"]
[Round "5.4"]
[White "Havasi, Mate Pal"]
[Black "Kozak, Janos"]
[Result "1-0"]
[WhiteElo "1306"]
[BlackElo "1450"]
[PlyCount "171"]
[EventDate "2019.09.29"]
[WhiteTeam "Meritum III."]
[BlackTeam "Szentes II."]

1. Nf3 d5 2. g3 Nf6 3. Bg2 Bf5 4. O-O Nbd7 5. d3 e5 6. Nbd2 Bc5 7. c4 c6 8. b3
O-O 9. Bb2 Re8 10. Nh4 Be6 11. a3 a5 12. Ndf3 Qc7 13. Bc3 e4 14. Ng5 e3 15. d4
exf2+ 16. Rxf2 Bd6 17. Rf1 h6 18. Nxe6 fxe6 19. c5 Bxg3 20. hxg3 Qxg3 21. Nf3
Ne4 22. Qe1 Qg4 23. Bxa5 Ng3 24. Bd2 Nxf1 25. Qxf1 Rf8 26. Qe1 Nf6 27. Qh4 Qg6
28. Qh3 Ne4 29. Ne5 Qf5 30. Qxf5 exf5 31. Bb4 g5 32. Be1 Rae8 33. a4 Kg7 34. a5
Nxc5 35. Bb4 Nxb3 36. Bxf8+ Kxf8 37. Rb1 Nxd4 38. Nd7+ Kg7 39. Rxb7 Nxe2+ 40.
Kf2 Nd4 41. a6 Re2+ 42. Kg1 Ra2 43. a7 Nb5 44. Nb6+ Kg6 45. a8=Q Rxa8 46. Nxa8
f4 47. Rb6 h5 48. Rxc6+ Kf5 49. Nc7 Nd4 50. Rc5 Kg4 51. Rxd5 Ne2+ 52. Kf2 Nc3
53. Rd3 Na4 54. Bf3+ Kh4 55. Rd1 g4 56. Rh1+ Kg5 57. Bc6 Nc5 58. Be8 h4 59. Bc6
h3 60. Nd5 Nd3+ 61. Ke2 Ne5 62. Bb7 Kf5 63. Ne7+ Kg5 64. Be4 Nc4 65. Nd5 Nd6
66. Nc3 Kh4 67. Ba8 Nf5 68. Ne4 Nd4+ 69. Kf1 g3 70. Nd2 Kg4 71. Bb7 h2 72. Bc8+
Kh4 73. Kg2 Nc2 74. Nf3+ Kh5 75. Nxh2 gxh2 76. Kxh2 Kg5 77. Kg2 Ne3+ 78. Kf3
Nd5 79. Bb7 Nf6 80. Rg1+ Kf5 81. Bc8+ Ke5 82. Re1+ Kd5 83. Kxf4 Kd4 84. Rd1+
Kc5 85. Ke5 Ng4+ 86. Bxg4 1-0